000 01531nam a2200301 i 4500
003 CSPC
005 20251201151743.0
008 251201s2024 us a b 001 0 eng d
020 _a9798891611726
040 _aCSPC
_beng
_cCSPC
_erda
082 0 4 _a371.4
_bD281e
100 1 _aDavidson, Max
_eauthor.
245 0 0 _aEducational guidance /
_cMax Davidson.
264 1 _aJersey City, USA :
_bAlexis Press,
_c2024.
300 _a24 pages :
_billustrations ;
_c23 cm.
336 _2rdacontent
_atext
337 _2rdamedia
_aunmediated
338 _2rdacarrier
_avolume
504 _aIncludes bibliographical references and index.
505 0 _aFundamentals of guidance -- Historical perspective of guidance -- Agencies for guidance -- Meaning, nature, objectives, importance of counseling, difference between guidance and counseling -- Areas of counseling -- Role of teacher and school administrator as counselor -- Behavioural problems -- Mental hygiene and non-testing techniques -- Role of parents in solving behavioural problems of adolescents -- School guidance: a collaborative effort of school and community -- Role of relaxing strategies, yoga, meditation, music therapies for reducing stress.
650 1 0 _aEducational guidance.
650 1 0 _aSchool guidance.
650 1 0 _aCounseling in education.
650 1 0 _aStudent guidance programs.
650 _aCareer guidance.
942 _2ddc
_n0
_cBK
_h371.4
_iD218e
_kCIR
_m2024
999 _c30967
_d30967